Evénements du 12 février - Statistiques

Statistiques générales
  • Ce quiz a été pris 34 fois
  • Le résultat moyen est 6 sur 15
Statistiques - réponses
Hint Réponse % Correct
L'armée allemande arrive à Tripoli, en Libye 1942
76%
Ouverture des J.O. d'hiver de Lillehammer 1994
62%
=Signature par François Mitterrand et Margaret Thatcher de l'accord sur le tunnel sous la Manche 1986
59%
Proclamation de la république islamique en Iran 1979
55%
Le Chili se déclare indépendant 1818
52%
Début du pontificat de Léon IX 1049
45%
1ère de l'émission Le Grand échiquier 1972
41%
Fondation de Santiago du Chili 1541
38%
Un traité reconnait l'indépendance du Portugal de l'Espagne 1668
38%
Christian Dior présente la collection New look 1947
38%
Le dernier empereur de Chine, Puyi, abdique 1912
31%
Intronisation du pape Pie XI 1922
24%
1ère de Rhaposy in blue de Gershwin à New York 1924
24%
1er dépôt d'un brevet pour un soutien-gorge par Mary Phelps Jacob ET Election d'Henri Bergson à l'Académie française 1914
17%
Début de Radio Vatican 1931
17%
Aucun quiz correspondant
Distribution des résultats
% des personnes avec chaque résultat
Percentile par nombre de réponses
Votre historique - résultats
Vous n’avez pas pris ce quiz